000 01336nam a2200265 a 4500
001 000026419
005 20210819112332.0
008 110317s1991 dr 001 0 spa d
040 _aDO-SdBNP
_bspa
_cBNPHU
082 _a234.165
_bS232d
100 _aSantana Marcano, Miguel Ángel,
_d1967-
_948937
245 1 0 _aDoctrina jurídico-teológica del matrimonio /
_cMiguel Ángel Santana Marcano.
246 1 0 _aDoctrina jurídico-teológica del matrimonio :
_bcontrato-sacramento desde Graciano hasta el Concilio de Trento inclusive.
260 _aSanto Domingo :
_b[s.n.],
_c1991.
300 _a139 p. ;
_c23 cm.
500 _aIncluye bibliografía y notas al pie de las páginas.
504 _aBibliografía : p. 124-140.
505 0 _tDoctrina jurídico teológica del matrimonio contrato-sacramento desde Graciano hasta Duns Scoto --
_tDoctrina jurídico teológica del matrimonio contrato-sacramento desde Duns Scoto hasta el Concilio de Trento inclusive
590 _aInventariado, 2019/MFF
650 4 _aMatrimonio
_xLegislación
_vENSAYOS, CONFERENCIAS, ETC.
_953462
650 4 _aMatrimonio
_xHistoria
_vENSAYOS, CONFERENCIAS, ETC.
_953463
650 4 _aMatrimonio
_xAspectos religiosos
_vENSAYOS, CONFERENCIAS, ETC.
_953464
650 4 _aFamilia
_vENSAYOS, CONFERENCIAS, ETC.
_91029
910 _aValidado. Control de calidad. EMS
999 _c25911
_d25911